Le socialisme integral / (Record no. 158588)

MARC details
000 -LEADER
campo de control de longitud fija 00884nam a22002295i 4500
001 - NÚMERO DE CONTROL
campo de control 158588
003 - IDENTIFICADOR DE NÚMERO DE CONTROL
campo de control ES-MaACL
005 - FECHA Y HORA DE LA ÚLTIMA TRANSACCIÓN
campo de control 20250727062616.0
008 - DATOS DE LONGITUD FIJA--INFORMACIÓN GENERAL
campo de control de longitud fija 010730m18901891fr ac |||| | fre d
040 ## - FUENTE DE CATALOGACIÓN
Centro catalogador/agencia de origen CCPB | B
Lengua de catalogación spa
Centro/agencia transcriptor CCPB | B
080 ## - NÚMERO DE LA CLASIFICACIÓN DECIMAL UNIVERSAL
Número de la Clasificación Decimal Universal 330.84/86
100 1# - ENTRADA PRINCIPAL--NOMBRE DE PERSONA
Nombre de persona Malon, Benoit.
9 (RLIN) 129396
245 13 - MENCIÓN DEL TÍTULO
Título Le socialisme integral /
Mención de responsabilidad, etc. par B. Malon.
260 ## - PUBLICACIÓN, DISTRIBUCIÓN, ETC.
Lugar de publicación, distribución, etc. Paris :
Nombre del editor, distribuidor, etc. Félix Alcan : Libraire de la Revue Socialiste,
Fecha de publicación, distribución, etc. [1890]-1891.
300 ## - DESCRIPCIÓN FÍSICA
Extensión 2 v. (469 p., [1] h. de grab. ; 462 p.) ;
Dimensiones 24 cm.
505 8# - NOTA DE CONTENIDO CON FORMATO
Nota de contenido con formato Contiene: I. Histoire des théories et tendances générales -- II. Des reformes possibles et des moyens pratiques
596 ## - NOTA AL PIE DE IMPRENTA
NOTA AL PIE DE IMPRENTA Fecha de la dedicatoria del vol. I, 1890.
599 ## - NOTA A LAS ILUSTRACIONES
NOTA A LAS ILUSTRACIONES La h. de grab. es litogr., retrato del autor.
650 #7 - PUNTO DE ACCESO ADICIONAL DE MATERIA--TÉRMINO DE MATERIA
Término de materia o nombre geográfico como elemento de entrada Socialismo
Fuente del encabezamiento o término embne
9 (RLIN) 17147
852 ## - LOCALIZACIÓN
Ubicación ES-MaACL
Número de control de estantería C-2774-75
Nota libre -- Enc. pasta española
Holdings
Estatus retirado Estado de pérdida Estado de daño No para préstamo Colección Biblioteca de origen Biblioteca actual Ubicación en estantería Fecha de adquisición Total de préstamos Signatura topográfica completa Código de barras Visto por última vez Precio de reemplazo Tipo de ítem Koha
        Libros del s. XIX Biblioteca del Ateneo de Madrid Biblioteca del Ateneo de Madrid Sala Palomar 17/01/2008   C-2774-75 1165991 23/02/2023 23/02/2023 Libro impreso antiguo